Japan : Home of the sun

Đã lưu trong:
Bibliografiske detaljer
Hovedforfatter: Dearmin, Jennie T.
Format: Bog
Sprog:Undetermined
Udgivet: San Francisco H. Wagner Pub. Co. 1963
Fag:
Tags: Tilføj Tag
Ingen Tags, Vær først til at tagge denne postø!
Thư viện lưu trữ: Trung tâm Học liệu Trường Đại học Cần Thơ
LEADER 00538nam a2200205Ia 4500
001 CTU_112265
008 210402s9999 xx 000 0 und d
082 |a 915.2 
082 |b D285 
100 |a Dearmin, Jennie T. 
245 0 |a Japan : 
245 0 |b Home of the sun 
245 0 |c Jennie T. Dearmin, Helen E. Peck 
260 |a San Francisco 
260 |b H. Wagner Pub. Co. 
260 |c 1963 
650 |a Japan 
650 |x Description and travel 
904 |i M.Loan 
980 |a Trung tâm Học liệu Trường Đại học Cần Thơ